Usage of Logistics Technologies in Slovak Enterprises
Predstavenie vybraných logistických technológií a ich aplikácia v slovenských malých, stredných a veľkých podnikoch s cieľom zlepšiť ich konkurencieschopnosť, zisk a fungovanie podniku. Štúdium literatúry, vlastný prieskum a porovnanie s praxou.
Enregistré dans:
| Auteur principal: | |
|---|---|
| Format: | Chapitre de livre |
| Langue: | anglais |
| Sujets: | |
| Tags: |
Pas de tags, Soyez le premier à ajouter un tag!
|
MARC
| LEADER | 00000naa a2200000 4500 | ||
|---|---|---|---|
| 001 | 0260154 | ||
| 005 | 20240502083742.6 | ||
| 041 | 0 | |a eng | |
| 044 | |a PL | ||
| 245 | 1 | 0 | |a Usage of Logistics Technologies in Slovak Enterprises |c Patrik Richnák |
| 520 | |a Predstavenie vybraných logistických technológií a ich aplikácia v slovenských malých, stredných a veľkých podnikoch s cieľom zlepšiť ich konkurencieschopnosť, zisk a fungovanie podniku. Štúdium literatúry, vlastný prieskum a porovnanie s praxou. | ||
| 610 | 2 | 0 | |a logistika |
| 610 | 2 | 0 | |a technológie nové |
| 610 | 2 | 0 | |a konkurencieschopnosť |
| 610 | 2 | 0 | |a podnik |
| 610 | 2 | 0 | |a Slovensko |
| 100 | 1 | |a Richnák, Patrik, 1988- | |